Sindirim - Statistics

General Stats
  • This quiz has been taken 20 times
  • The average score is 7 of 25
Answer Stats
Hint Answer % Correct
yemek borusunun temel görevi lokmanın .......'ye iletilmesidir. mide
71%
mekanik sindirimde enzim kullanılır mı kullanılmaz
50%
dişlerin yaptığı sindirim mekanik
50%
yemek borusunda ...... hareket gözlenir peristaltik
50%
hücre içi sindirimde endositozla hücreye alınan büyük moleküller ..... organelisayesinde yapı taşlarına parçalanır lizozom
43%
karaciğer tükürük bezleri, pankreas, safra kesesi sindirime ......... organlardır yardımcı
43%
sindirlimeyen besinler ....................... aracılığıyla dışarı atılır kalın bağırsak anüs
36%
yutakta hangi sindirim görülür sindirim görülmez hahahaha
36%
kıkırdak yapılı gırtlak kapağı(...........) ise gırtlkak girişini kapatarak besinlerin soluk borusuna kaçmasını engeller epiglottis
29%
insanda akyuvar hücrelerinin mikroorganizmaları savunma amaçlı yok etmesi ve karaciğerdeki kupffer hücrelerinin yaşlanmış alyuvarları parçalaması hücre ....... sindirime örnektir. içi
29%
yemek borusunda hangi sindirim görülür yine sindirim yok haha
29%
sindirilen maddelerin lenf ve kan kılcallarına alınmasına ........ denir. emilim
21%
kimyasal sindirim: ..........+........... enzim su
21%
ağızdaki sindirim çeşitleri kimyasal fiziksel
21%
mekanik sindirimde kimyasal bağa etki .......... olmaz
21%
nişasta ağızda amilaz(pityalin) enzimi ile .......'na kadar sindirilmez yapıtaşları
21%
yemek borusunun belirli kısımlarında ........ belirli kısımlarında ise ........ kaslar vardır çizgili düz
14%
yemek borusunda ..... bulunmaz kıkırdak
14%
kimyasal sindirim hidrolizdir aynen
7%
tükürük içinde mineral, iyonlar, su, amilaz, lizozim(bağışıklık) glikoprotein ve antikor bulunur. aynen ben de onu dicektim tam ağzımdan aldın
7%
ağız boşluğu mukoza adı verilen ................. epitel doku ile kaplıdır çok katlı
7%
yutma: ......... başlar, ........ olarak devam eder. istemli refleks
7%
kimyasal sindirimin amacı .............'ı parçalamaktır. kimyasal bağlar
7%
tükürük bezleri pH? nötre yakın
7%
mekanik sindirimin amacı ......'nı ve ........'ni arttırmaktır. yüzey alanı enzim etkinliği
7%
No matching quizzes found
Score Distribution
Percent of People with Each Score
Percentile by Number Answered
Your Score History
You have not taken this quiz